Building supplement (Record no. 107553)

MARC details
000 -LEADER
fixed length control field 01090cam a22002175a 4500
001 - CONTROL NUMBER
control field L140853
008 - FIXED-LENGTH DATA ELEMENTS--GENERAL INFORMATION
fixed length control field 071015s2007 xxka f 000 0 eng d
035 ## - SYSTEM CONTROL NUMBER
System control number (Sirsi) u140853
041 0# - LANGUAGE CODE
Language code of text/sound track or separate title eng
050 04 - LIBRARY OF CONGRESS CALL NUMBER
Classification number 333.72 $2 18
110 2# - MAIN ENTRY--CORPORATE NAME
Corporate name or jurisdiction name as entry element Davis Langdon
9 (RLIN) 4649
245 00 - TITLE STATEMENT
Title Building supplement
Remainder of title digging beneath the greenwash
260 ## - PUBLICATION, DISTRIBUTION, ETC.
Place of publication, distribution, etc. London
Name of publisher, distributor, etc. CMP
Date of publication, distribution, etc. 2007
300 ## - PHYSICAL DESCRIPTION
Extent 30p.
Dimensions 30cm.
490 #0 - SERIES STATEMENT
Series statement Building
Volume/sequential designation Supplement September 2007
520 ## - SUMMARY, ETC.
Summary, etc. Focus on sustainability in the construction industry. Discusses: the City of London Corporation sustainability strategy; sustainable design from an architect's perspective; Davis Langdon's new approach to carbon rating; Marks and Spencer's green credentials; using carbon calculators to calculate carbon footprints; construction client's waste management strategies; the redevelopment of King's Cross; the effect of the sustainability agenda on value; sustainability concepts of the future; and environmental terms.
590 ## - LOCAL NOTE (RLIN)
Local note KA
651 #4 - SUBJECT ADDED ENTRY--GEOGRAPHIC NAME
Geographic name United Kingdom
Chronological subdivision
690 ## - LOCAL SUBJECT ADDED ENTRY--TOPICAL TERM (OCLC, RLIN)
Topical term or geographic name as entry element BUILT ENVIRONMENT-SUSTAINABLE CONSTRUCTION
942 ## - ADDED ENTRY ELEMENTS (KOHA)
Suppress in OPAC 0
Holdings
Withdrawn status Lost status Source of classification or shelving scheme Damaged status Not for loan Home library Current library Shelving location Date acquired Total Checkouts Full call number Barcode Date last seen Copy number Price effective from Koha item type
    Dewey Decimal Classification     London London Basement 15/10/2007   BASEMENT 30072294 06/08/2019 1 06/08/2019 Book